000 00583nam a22001817a 4500
999 _c57459
_d57459
005 20221108162318.0
008 200624s2017 enk||||| |||| 00| 0 eng d
020 _a9781284070668 X
041 _aeng
080 _a614.2 G-51
245 _aGlobal Health Care: Issues and Policies /
_cedited by Carol Holtz.
250 _athird edition
264 _aBurlington :
_bJones & Bartlett Learning,
_c2017.
300 _a643 p.;
_b25 cm.
653 _a გლობალური ჯანდაცვა
700 _aHoltz, Carol
_98723
_eრედაქტორი
942 _2udc
_cBK